MARC

LEADER 00000nam0a2200000 4500
001 299843
005 20231102001237.0
020 |a RU  |b 82-93255 
035 |a (RuTPU)RU\TPU\book\324996 
090 |a 299843 
100 |a 20150703d1982 km y0rusy5003 ca 
101 0 |a rus 
102 |a RU 
105 |a a z 001zy 
200 1 |a Генерирование свободных радикалов и их реакции  |f Б. А. Долгоплоск, Е. И. Тинякова  |g Академия наук СССР (АН СССР), Институт нефтехимического синтеза им. А. В. Топчиева (ИНХС) 
210 |a Москва  |c Наука  |d 1982 
215 |a 253 с.  |c граф. 
320 |a Библиогр. в конце гл. 
606 1 |a Радикалы свободные  |x Химия  |2 stltpush  |3 (RuTPU)RU\TPU\subj\70569  |9 84788 
610 1 |a химические реакции 
610 1 |a генерирование 
610 1 |a растворы 
610 1 |a водные среды 
610 1 |a окислительно-восстановительные системы 
610 1 |a углеводородные системы 
610 1 |a полимеризация 
675 |a 54.024  |v 3 
700 1 |a Долгоплоск  |b Б. А.  |g Борис Александрович  |4 070 
701 1 |a Тинякова  |b Е. И.  |g Елена Ивановна  |4 070 
712 0 2 |a Академия наук СССР (АН СССР)  |b Институт нефтехимического синтеза им. А. В. Топчиева (ИНХС)  |c (Москва)  |c (1958-1991)  |2 stltpush  |3 (RuTPU)RU\TPU\col\12241 
801 0 |a RU  |b RuMRKP  |c 19950704  |g psbo 
801 1 |a RU  |b 63413507  |c 20150703 
801 2 |a RU  |b 63413507  |c 20190613  |g RCR 
942 |c BK